000 00558nam a22001937a 4500
008 150701b xxu||||| |||| 00| 0 alb d
020 _a9789928133038
041 0 _aalb
080 _a001.8
_x(035)
100 _a McMillan, Kathleen; Weyers, Jonathan;
245 _aSi të shkruajmë ese dhe detyra universitare /
_cKathleen McMillan; Jonathan Weyers;
260 _aTiranë :
_bCDE,
_c2014.
300 _a260 f. :
_bme il.;
_c23 cm.
650 0 _aShkrimi akademik
650 0 _aEse
650 0 _aStili letrar
650 0 _aManuale
942 _2udc
_cBK
999 _c1086
_d1086